000 00774cam a22002293a 4500
001 1926
003 PGUSA
005 20140828083008.0
008 991001s1999||||xxu|||||s|||||000 | eng d
040 _aPGUSA
_beng
042 _adc
050 4 _aF001
100 1 _aHawthorne, Nathaniel,
_d1804-1864
245 1 4 _aThe Whole History of Grandfather's Chair :
_bOr, True Stories from New England History, 1620-1808
_h[electronic resource] /
_cNathaniel Hawthorne
260 _bProject Gutenberg,
_c1999
506 _aPublic domain in the USA.
516 _aElectronic text
653 _aMassachusetts -- History -- Colonial period, ca. 1600-1775 -- Juvenile literature
830 0 _aProject Gutenberg
_v1926
856 4 0 _uhttp://www.gutenberg.org/ebooks/1926
942 _cEB
999 _c231268
_d231268